Normal view
MARC view
- Haider , Nouman
Entry Personal Name
001 - CONTROL NUMBER
- control field: 122315
003 - CONTROL NUMBER IDENTIFIER
- control field: NUST
005 - DATE AND TIME OF LATEST TRANSACTION
- control field: 20240415155934.0
008 - FIXED-LENGTH DATA ELEMENTS
- fixed length control field: 240415|| aca||aabn | a|a d
040 ## - CATALOGING SOURCE
- Original cataloging agency: NUST
- Transcribing agency: NUST
100 ## - HEADING--PERSONAL NAME
- Personal name: Haider , Nouman
670 ## - SOURCE DATA FOUND
- Source citation: Work cat.: (NUST): Haider , Nouman , Tribological Analysis of Trihexyltetradecylphosphonium bis(2,4,4-trimethyl pentyl)phosphinate ionic liquid based Bio-Lubricants at variable operating conditions. /
